| 000 | 00797nam a2200241Ia 4500 | ||
|---|---|---|---|
| 003 | GCL | ||
| 008 | 140319s9999 xx 000 0 ara d | ||
| 040 |
_aGCL / _cGCL |
||
| 082 | 0 | 4 |
_a709.1 _bز ف |
| 100 | 1 | _aزكى محمد حسن | |
| 245 | 1 | 0 |
_aالفن الاسلامى فى مصر من الفتح العربى الى نهاية العصر الطولونى / _cزكى محمد حسن |
| 300 | _a0133 | ||
| 490 |
_aالاعمال الكاملة الدكتور محمد حسن _v0 |
||
| 650 | 0 | 4 | _aالعمارة الاسلامية |
| 650 | 0 | 4 | _aالمساجد |
| 650 | 0 | 4 | _aالخزف |
| 650 | 0 | 4 | _aالتصوير |
| 650 | 0 | 4 | _aالفن المصرى |
| 650 | 0 | 4 | _aالمنسوجات |
| 650 | 0 | 4 | _aالفن الاسلامى |
| 650 | 0 | 4 | _aالفن الطولونى |
| 942 |
_2ddc _cBK |
||
| 999 |
_c46545 _d46545 |
||